000 00460nam a22001337a 4500
005 20241023091820.0
008 241023b |||||||| |||| 00| 0 eng d
100 _aMercado, Greggie.
_eauthor.
_963359
245 _aThe purple palitaw /
_cGreggie Mercado.
260 _aPhilippines;
_bPhilippine Graphic Publishing Inc.,
_cDecember 2019.
300 _a Volume 20, pages 10-11,
_billustration.
700 _aMercado, Greggie.
_eauthor.
_963358
942 _2ddc
_cPER
999 _c22834
_d22834